000
00215nam a22001097a 4500
040
_c
SY
082
_a
633
100
_a
NA
245
_a
Drying and storage of grains and oilseeds
260
_a
NA
_b
NA
_c
NA
942
_c
EK
999
_c
8810
_d
8810